| 000 | 00549nam a2200193Ia 4500 | ||
|---|---|---|---|
| 001 | 33302 | ||
| 003 | IN-NITTTR | ||
| 005 | 20251114233432.0 | ||
| 008 | 251113s9999||||xx |||||||||||||| ||eng|| | ||
| 040 | _beng | ||
| 040 | _cIN-NITTTR | ||
| 041 | _aeng | ||
| 082 | _aQ335.5 .C64 2006eb | ||
| 100 | _aMorris, R. G. M. | ||
| 245 | 0 |
_aCognitive Systems - Information Processing Meets Brain Science / _cMorris, R. G. M., Tarassenko, Lionel., Kenward, Michael. |
|
| 700 | _a Kenward, Michael. | ||
| 700 | _a Tarassenko, Lionel. | ||
| 942 |
_2ddc _cBK |
||
| 999 |
_c35153 _d35153 |
||